[Event "SF Neuenkirchen 1 - SV Letmathe 1"]
[Site "NRW-Klasse, Gruppe 1 2010/201"]
[Date "2011.04.03"]
[Round "9.2"]
[White "Seegers, Hendrik"]
[Black "Adamski, Jan"]
[Result "1/2-1/2"]
[WhiteElo "2157"]
[BlackElo "2240"]
[PlyCount "40"]
[EventDate "2011.??.??"]

1. d4 Nf6 2. Nf3 c5 3. c3 b6 4. Bf4 Ba6 5. Nbd2 e6 6. h3 Be7 7. Qc2 O-O 8. dxc5
bxc5 9. e4 Bxf1 10. Nxf1 d5 11. N1d2 Nc6 12. O-O Rc8 13. Rfe1 Re8 14. Rad1 Qb6
15. Qb1 Rcd8 16. b3 h6 17. exd5 Nxd5 18. Nc4 Qa6 19. Bd2 Bf6 20. Qc2 Qb7
1/2-1/2

[Event "SF Neuenkirchen 1 - SV Letmathe 1"]
[Site "NRW-Klasse, Gruppe 1 2010/201"]
[Date "2011.04.03"]
[Round "9.3"]
[White "Soukup, Jiri"]
[Black "Wilde, Pierre"]
[Result "1-0"]
[WhiteElo "2281"]
[BlackElo "2228"]
[PlyCount "139"]
[EventDate "2011.??.??"]

1. e4 c5 2. a3 d5 3. exd5 Qxd5 4. Nc3 Qd8 5. Bc4 e6 6. Nf3 Nc6 7. d3 Nf6 8. Bg5
Be7 9. O-O O-O 10. Re1 b6 11. Bf4 Bd6 12. Qd2 a6 13. Ne4 Bxf4 14. Qxf4 Nxe4 15.
dxe4 Ra7 16. e5 Rd7 17. Bd3 Rxd3 18. cxd3 Qxd3 19. Rad1 Qb3 20. Qh4 h6 21. Rd6
Bb7 22. Rd7 Na5 23. Rd8 Rxd8 24. Qxd8+ Kh7 25. Nd2 Qxb2 26. Qd3+ Kg8 27. Qd8+
Kh7 28. Qd3+ Kg8 29. Nf1 Bd5 30. Qxa6 Nc4 31. a4 Nxe5 32. Re2 Qd4 33. Qxb6 Nd3
34. Rd2 Qe4 35. Ne3 Nf4 36. Qb5 Kh7 37. Qxc5 Qxa4 38. Qc2+ Qxc2 39. Rxc2 Kg6
40. Rc7 f6 41. h4 h5 42. f3 Ba2 43. Nc2 Bb1 44. Nd4 e5 45. Nb5 Ne6 46. Re7 Ba2
47. Nd6 Nd4 48. Kf2 Bd5 49. Ke3 Nc6 50. Rc7 Nd4 51. Kf2 Ne6 52. Ra7 Nd4 53. Nc8
Kh6 54. Ne7 Nc6 55. Nxc6 Bxc6 56. g3 Bd5 57. f4 exf4 58. gxf4 Be6 59. Ke3 Kg6
60. Ke4 Bf5+ 61. Kd4 Bh3 62. Ra5 Bf5 63. Kd5 Bh3 64. Kd6 Kf7 65. Rxh5 Bg4 66.
Ra5 Kg6 67. Ke7 f5 68. Kf8 Kh5 69. Kxg7 Kxh4 70. Kf6 1-0

[Event "SF Neuenkirchen 1 - SV Letmathe 1"]
[Site "NRW-Klasse, Gruppe 1 2010/201"]
[Date "2011.04.03"]
[Round "9.4"]
[White "Haves, Reinhard"]
[Black "Pfleger, Sascha"]
[Result "1-0"]
[WhiteElo "2161"]
[BlackElo "2020"]
[PlyCount "129"]
[EventDate "2011.??.??"]

1. d4 Nf6 2. c4 c5 3. Nf3 cxd4 4. Nxd4 b6 5. Nc3 Bb7 6. f3 d6 7. e4 Nbd7 8. Be3
a6 9. Qd2 Rc8 10. Be2 Ne5 11. b3 e6 12. Rd1 Be7 13. O-O Ng6 14. Nc2 O-O 15. Na4
Nd7 16. Ne1 Qc7 17. Nd3 Nc5 18. Ndxc5 bxc5 19. Bg5 f6 20. Be3 Bc6 21. Nc3 Qa5
22. Nd5 Qxd2 23. Nxe7+ Nxe7 24. Rxd2 Rfd8 25. Rfd1 Rd7 26. Rxd6 Rxd6 27. Rxd6
Kf7 28. Kf2 a5 29. a4 Rc7 30. Bd1 Nc8 31. Rd8 Be8 32. Bc2 Ke7 33. Rd1 Bg6 34.
Bd2 Ra7 35. Be3 Rc7 36. Ke2 Nd6 37. Kd2 Nb7 38. Kc3 Nd8 39. f4 Nb7 40. f5 Bh5
41. Rg1 Bf7 42. g4 g5 43. h4 h6 44. hxg5 hxg5 45. e5 Nd8 46. Rh1 exf5 47. gxf5
g4 48. Bf4 Ra7 49. e6 Bg8 50. Rh8 Bxe6 51. fxe6 Ra6 52. Bf5 Nxe6 53. Be3 Rb6
54. Bxg4 Nd4 55. Rh7+ Ke8 56. Bd7+ Kd8 57. Bb5 Rd6 58. Bxd4 Rxd4 59. Rh5 Ke7
60. Rxc5 Rd1 61. Rd5 Rb1 62. Kc2 Rh1 63. c5 Ke6 64. Bc4 Ke7 65. c6 1-0

[Event "SF Neuenkirchen 1 - SV Letmathe 1"]
[Site "NRW-Klasse, Gruppe 1 2010/201"]
[Date "2011.04.03"]
[Round "9.5"]
[White "Gruermann, Martin"]
[Black "Beckmann, Klaus"]
[Result "0-1"]
[WhiteElo "2124"]
[BlackElo "2172"]
[PlyCount "74"]
[EventDate "2011.??.??"]

1. d4 Nf6 2. Nf3 d6 3. Nc3 Bg4 4. e4 e6 5. Be2 Be7 6. O-O O-O 7. Be3 d5 8. Nd2
Bxe2 9. Qxe2 dxe4 10. Ncxe4 Nd5 11. Rfd1 Nc6 12. Nf3 Nxe3 13. Qxe3 Qd5 14. Ng3
Rfe8 15. Ne5 Nxe5 16. dxe5 Qc6 17. Rd2 Red8 18. Rad1 Rxd2 19. Rxd2 a6 20. h3
Rd8 21. Rxd8+ Bxd8 22. Qd4 Be7 23. c4 Qa4 24. a3 Qc2 25. Ne4 Bf8 26. Kh2 b6 27.
f3 h6 28. Qc3 Qe2 29. Qd4 c5 30. Qc3 Be7 31. Qd2 Qxd2 32. Nxd2 Bg5 33. Ne4 Bf4+
34. g3 Bxe5 35. b3 f5 36. f4 Bxf4 37. gxf4 fxe4 0-1

[Event "SF Neuenkirchen 1 - SV Letmathe 1"]
[Site "NRW-Klasse, Gruppe 1 2010/201"]
[Date "2011.04.03"]
[Round "9.6"]
[White "Rieke, Theo"]
[Black "Haude, Ruediger"]
[Result "1-0"]
[WhiteElo "2060"]
[BlackElo "2080"]
[PlyCount "63"]
[EventDate "2011.??.??"]

1. Nf3 c5 2. g3 Nf6 3. Bg2 Nc6 4. O-O e5 5. d3 d5 6. Nbd2 h6 7. e4 dxe4 8. dxe4
Be6 9. Qe2 Qc7 10. c3 Be7 11. Re1 g5 12. Nf1 Rd8 13. N3d2 Qd7 14. Ne3 a6 15.
Ndc4 b5 16. Nb6 Qd3 17. Qxd3 Rxd3 18. Nbd5 c4 19. Nxf6+ Bxf6 20. Nd5 Bxd5 21.
exd5 Ne7 22. Be4 Nxd5 23. Bxd3 cxd3 24. Rd1 e4 25. f3 Nxc3 26. bxc3 Bxc3 27.
Rb1 f5 28. Kf2 Kd7 29. Ke3 Re8 30. fxe4 fxe4 31. Bd2 Bf6 32. Rb4 1-0

[Event "SF Neuenkirchen 1 - SV Letmathe 1"]
[Site "NRW-Klasse, Gruppe 1 2010/201"]
[Date "2011.04.03"]
[Round "9.7"]
[White "Weyrauch, Erich"]
[Black "Essing, Arnold"]
[Result "1-0"]
[WhiteElo "2004"]
[BlackElo "2180"]
[PlyCount "127"]
[EventDate "2011.??.??"]

1. d4 d5 2. Nf3 e6 3. c4 Nf6 4. Nc3 Nbd7 5. e3 c6 6. Qc2 Bd6 7. b3 e5 8. cxd5
Nxd5 9. Nxd5 cxd5 10. dxe5 Nxe5 11. Nd4 O-O 12. Be2 Qg5 13. g3 Bb4+ 14. Bd2
Bxd2+ 15. Qxd2 Qh6 16. Qa5 Nc6 17. Nxc6 Qxc6 18. O-O b6 19. Qd2 Bf5 20. Rac1
Qe6 21. Rfd1 Be4 22. f3 Bg6 23. Ba6 Rab8 24. a4 h5 25. Qd4 Rfe8 26. Rc3 Red8
27. Rdc1 Qf5 28. Kg2 Rd6 29. e4 Qe6 30. e5 Rdd8 31. Rc6 Qf5 32. Rc7 Re8 33. Re1
Rbd8 34. h3 Kh7 35. g4 hxg4 36. hxg4 Qg5 37. Kg3 f5 38. e6 Re7 39. Rxe7 Qxe7
40. Bd3 f4+ 41. Kg2 Bxd3 42. Qxd3+ Kg8 43. Qd4 Rd6 44. Re5 a5 45. Rxd5 Rxe6 46.
Qxf4 Rc6 47. Qb8+ Kf7 48. Qe5 Qxe5 49. Rxe5 g6 50. Kg3 Kf6 51. Kf4 Rd6 52. g5+
Kf7 53. Ke4 Rc6 54. f4 Rd6 55. f5 gxf5+ 56. Kxf5 Rd3 57. Rb5 Rd6 58. Ke5 Rg6
59. Kd5 Ke7 60. Kc4 Rc6+ 61. Kd4 Rg6 62. Re5+ Kd6 63. Ke4 Rg8 64. Rb5 1-0

[Event "SF Neuenkirchen 1 - SV Letmathe 1"]
[Site "NRW-Klasse, Gruppe 1 2010/201"]
[Date "2011.04.03"]
[Round "9.8"]
[White "Beckmann, Klaus"]
[Black "Hunold, Rolf"]
[Result "1-0"]
[WhiteElo "2039"]
[BlackElo "1958"]
[Annotator "Hausrath,Daniel"]
[PlyCount "133"]
[EventDate "2011.??.??"]

1. e4 c5 2. Nf3 e6 3. c3 Nf6 4. e5 Nd5 5. d4 cxd4 6. cxd4 d6 7. Be2 Bd7 8. O-O
Bc6 9. Nc3 Nd7 10. Bd2 Rc8 11. Re1 Be7 12. Bf1 a6 13. Ne4 dxe5 14. dxe5 Qc7 15.
Bg5 Bf8 16. Rc1 $11 h6 17. Bh4 Bb4 18. Re2 O-O 19. a3 Be7 20. Bg3 Qb6 21. Qd4
Bb5 22. Rec2 Rxc2 23. Rxc2 Bxf1 24. Kxf1 Rd8 25. Qxb6 N7xb6 26. Ke2 Kf8 27.
Nfd2 Rc8 28. Rxc8+ Nxc8 29. Nc4 Ke8 30. Kd3 Kd7 31. Nc3 Ncb6 32. Na5 Kc7 33. f3
h5 34. h3 Nxc3 35. Kxc3 Nd5+ 36. Kd4 h4 37. Bh2 b6 38. Nc4 Bc5+ 39. Kd3 g5 40.
Nd2 Be3 41. Ne4 Bf4 42. Bxf4 Nxf4+ 43. Kd4 Nxg2 44. Nxg5 Kd7 45. Nxf7 Nf4 46.
Ng5 a5 47. Ke4 Nd5 48. f4 Ne7 49. Nf3 Nf5 50. Nd4 Ne7 51. f5 exf5+ 52. Nxf5 Ng6
53. Nd4 Ke7 54. Kf5 Kf7 55. e6+ Kg7 56. Nc6 a4 57. Kg5 Nh8 58. Ne5 Kf8 59. Ng6+
Nxg6 60. Kxg6 Ke7 61. Kf5 Ke8 62. Kg5 Ke7 63. Kxh4 Kxe6 64. Kg5 b5 65. Kg6 b4
66. axb4 a3 67. bxa3 1-0

[Event "SV Würselen 1 - LSV Turm Lippstadt 1"]
[Site "NRW-Klasse, Gruppe 1 2010/201"]
[Date "2011.04.03"]
[Round "9.1"]
[White "Wehmeier, Stefan"]
[Black "Budde, Vladimir"]
[Result "1/2-1/2"]
[WhiteElo "2445"]
[BlackElo "2267"]
[Annotator "Hausrath,Daniel"]
[PlyCount "167"]
[EventDate "2011.??.??"]

1. e4 c5 2. Nf3 Nc6 3. d4 cxd4 4. Nxd4 Qc7 5. Be2 Nf6 6. Nc3 e6 7. O-O a6 8.
Be3 Be7 9. f4 d6 10. Qe1 O-O 11. Qg3 Kh8 12. a4 Bd7 13. Nb3 b6 14. Qf2 Bd8 15.
Bf3 Rb8 16. Qe2 Bc8 17. Rad1 Na5 18. Bc1 Be7 19. Kh1 Nd7 20. Nd4 Bb7 21. Qf2
Nc6 22. Nde2 Nb4 23. Rd2 Nc5 24. b3 Nc6 25. Rfd1 Rbd8 26. Ba3 Nb8 27. Qe3 Bc6
28. Nd4 Be8 29. a5 b5 30. b4 Nb7 31. Bb2 Rc8 32. Nf5 Bf6 33. Nd5 exd5 34. Bxf6
gxf6 35. Rxd5 Bd7 36. Qd4 Qc3 37. Qf2 Bxf5 38. Rxf5 Rg8 39. Qh4 Nd7 40. e5 Qxc2
41. Rh5 Rc4 42. Re1 Qg6 43. Rh6 Qg7 44. exf6 Nxf6 45. Rxf6 Nd8 46. Rxd6 Ne6 47.
Qf2 Rxf4 48. Qd2 Qf6 49. Qe3 Rxb4 50. Rxa6 Ra4 51. h3 b4 52. Qe5 Qxe5 53. Rxe5
Nd4 54. Be4 Ra1+ 55. Kh2 Re1 56. Rf6 Kg7 57. Rxf7+ Kxf7 58. Bd5+ Kf6 59. Rxe1
Rg5 60. Rf1+ Ke7 61. Rf7+ Kd6 62. Be4 Rxa5 $11 63. Rxh7 Re5 64. Bd3 Re3 65. Bg6
Re6 66. Bf7 Re7 67. Rh6+ Ke5 68. Rh5+ Ke4 69. Bd5+ Kd3 70. Rh8 Rd7 71. Ba2 b3
72. Bb1+ Nc2 73. Rb8 Kc3 74. Kg3 Rd1 75. Rc8+ Kb2 76. Bxc2 bxc2 77. Kf4 Rd3 78.
Rxc2+ Kxc2 79. g4 Rxh3 80. g5 Rh1 81. g6 Rg1 82. Kf5 Kd3 83. Kf6 Rf1+ 84. Ke6
1/2-1/2

[Event "SV Würselen 1 - LSV Turm Lippstadt 1"]
[Site "NRW-Klasse, Gruppe 1 2010/201"]
[Date "2011.04.03"]
[Round "9.2"]
[White "Cekro, Ekrem"]
[Black "Matthias, Heiner"]
[Result "1-0"]
[WhiteElo "2371"]
[BlackElo "2351"]
[PlyCount "123"]
[EventDate "2011.??.??"]

1. c4 Nf6 2. Nc3 e6 3. e4 Nc6 4. Nf3 e5 5. d4 exd4 6. Nxd4 Bb4 7. Nxc6 dxc6 8.
Qxd8+ Kxd8 9. Bd2 Be6 10. a3 Bxc3 11. Bxc3 Nxe4 12. Bxg7 Re8 13. O-O-O+ Kc8 14.
Bd4 c5 15. Be3 b6 16. Bd3 Bf5 17. Bf4 Bg6 18. Rhe1 Nf6 19. Be2 Rb8 20. Bf3 Be4
21. Bxe4 Rxe4 22. Rxe4 Nxe4 23. f3 Nf6 24. g4 b5 25. cxb5 Rxb5 26. Be5 Rb6 27.
g5 Nd7 28. Bc3 Re6 29. Rd5 Kd8 30. h4 Re2 31. h5 Rh2 32. h6 Ke7 33. Rd3 Nb6 34.
Re3+ Kd7 35. Re5 Na4 36. Rf5 Ke7 37. Bf6+ Ke6 38. Re5+ Kd6 39. Re8 Rh1+ 40. Kc2
c4 41. Rh8 Rh2+ 42. Kc1 Rh1+ 43. Kd2 Rh2+ 44. Ke3 Nb6 45. Ke4 Nd7 46. Bc3 Ke6
47. Rxh7 Rh4+ 48. Ke3 Nb6 49. Kf2 Nd5 50. Kg3 Rh5 51. f4 Ne3 52. Rh8 Nf5+ 53.
Kg2 Nh4+ 54. Kf2 Ng6 55. Re8+ Kf5 56. Kg3 Rh1 57. Re1 Rh5 58. Bg7 a6 59. Bc3
Rh4 60. Re5+ Nxe5 61. Kxh4 Ng6+ 62. Kg3 1-0

[Event "SV Würselen 1 - LSV Turm Lippstadt 1"]
[Site "NRW-Klasse, Gruppe 1 2010/201"]
[Date "2011.04.03"]
[Round "9.3"]
[White "Krallmann, Matthias"]
[Black "Goossens, Etienne"]
[Result "1/2-1/2"]
[WhiteElo "2148"]
[BlackElo "2214"]
[PlyCount "28"]
[EventDate "2011.??.??"]

1. d4 e6 2. c4 Bb4+ 3. Bd2 a5 4. g3 d6 5. Nf3 Nc6 6. Bg2 e5 7. d5 Bxd2+ 8. Qxd2
Nb8 9. e4 Nf6 10. Nc3 Na6 11. O-O Nc5 12. Ne1 O-O 13. Nd3 Nfd7 14. f4 Nxd3
1/2-1/2

[Event "SV Würselen 1 - LSV Turm Lippstadt 1"]
[Site "NRW-Klasse, Gruppe 1 2010/201"]
[Date "2011.04.03"]
[Round "9.4"]
[White "Andok, Claus Michael"]
[Black "Fecke, Andreas"]
[Result "1/2-1/2"]
[WhiteElo "2091"]
[BlackElo "2076"]
[PlyCount "47"]
[EventDate "2011.??.??"]

1. c4 e5 2. g3 Nf6 3. Bg2 Be7 4. Nf3 d6 5. O-O O-O 6. Nc3 c6 7. d3 a5 8. b3 Re8
9. Bb2 Nbd7 10. e3 Bf8 11. d4 Qc7 12. Rc1 g6 13. a3 Bg7 14. Ne1 Nf8 15. Nd3
exd4 16. exd4 Bf5 17. h3 h5 18. Kh2 Re7 19. Ne1 Rae8 20. Nf3 Ne4 21. Nxe4 Bxe4
22. Bc3 Nh7 23. Qd2 Qb6 24. Qf4 1/2-1/2

[Event "SV Würselen 1 - LSV Turm Lippstadt 1"]
[Site "NRW-Klasse, Gruppe 1 2010/201"]
[Date "2011.04.03"]
[Round "9.5"]
[White "Roemhild, Marcus"]
[Black "Heinichen, Nils"]
[Result "1-0"]
[WhiteElo "1997"]
[BlackElo "2025"]
[Annotator "Hausrath,Daniel"]
[PlyCount "87"]
[EventDate "2011.??.??"]

1. e4 c5 2. Nc3 Nc6 3. f4 g6 4. Nf3 Bg7 5. Bb5 a6 6. Bc4 e6 7. O-O b5 8. Be2 d6
9. d3 Nge7 10. Qe1 O-O 11. a3 Bb7 12. Be3 Nd4 13. Rc1 Nec6 14. Nd1 Nxe2+ 15.
Qxe2 Nd4 16. Bxd4 cxd4 17. Qf2 e5 18. fxe5 dxe5 19. Qd2 f5 20. Nf2 fxe4 21.
Nxe4 Bxe4 22. dxe4 Rf4 23. Rce1 Qb6 24. Qd3 Qc6 25. g3 Rff8 26. Kg2 Rac8 27.
Re2 Rc7 28. Rff2 Rcf7 29. h4 h6 30. Nd2 Rxf2+ $11 31. Rxf2 Rc8 32. Nf3 Qc4 33.
Qd2 Qa2 34. Qb4 Qb1 35. Ne1 Qd1 36. Nd3 Kh7 37. Qb3 Rc4 38. Nb4 a5 39. Nd5 Qe1
40. Qd3 Rc5 41. h5 gxh5 42. Qf3 Qc1 43. Qf5+ Kh8 44. Nf6 1-0

[Event "SV Würselen 1 - LSV Turm Lippstadt 1"]
[Site "NRW-Klasse, Gruppe 1 2010/201"]
[Date "2011.04.03"]
[Round "9.6"]
[White "Vossen, Peter"]
[Black "Chapman, Alan"]
[Result "0-1"]
[WhiteElo "1978"]
[BlackElo "1919"]
[PlyCount "36"]
[EventDate "2011.??.??"]

1. d4 e6 2. g3 Nf6 3. Bg2 c5 4. Nf3 d5 5. O-O cxd4 6. Nxd4 Nc6 7. c4 Bc5 8. Be3
Qb6 9. Nb5 Bxe3 10. fxe3 Ng4 11. Nd6+ Ke7 12. Rxf7+ Kxd6 13. Kh1 Nce5 14. Rf4
g5 15. Rf1 Nxe3 16. Qc1 Nxf1 17. Bxf1 Nxc4 18. e4 Qxb2 0-1

[Event "SV Würselen 1 - LSV Turm Lippstadt 1"]
[Site "NRW-Klasse, Gruppe 1 2010/201"]
[Date "2011.04.03"]
[Round "9.7"]
[White "Laurenz, Waldemar"]
[Black "Saizew, Valeri"]
[Result "1/2-1/2"]
[WhiteElo "1911"]
[BlackElo "1961"]
[PlyCount "96"]
[EventDate "2011.??.??"]

1. Nf3 d5 2. g3 Nf6 3. Bg2 c5 4. c4 d4 5. O-O Nc6 6. d3 e5 7. e3 Be7 8. exd4
exd4 9. Bg5 O-O 10. Re1 h6 11. Bxf6 Bxf6 12. Nbd2 Be6 13. Qb3 Qc7 14. Ne4 Be7
15. a3 Rab8 16. Qc2 Rbe8 17. Re2 f5 18. Ned2 Bd6 19. Rae1 Bd7 20. Nh4 Rxe2 21.
Rxe2 Kh7 22. Nhf3 Re8 23. Nf1 Qd8 24. Qd2 Rf8 25. Qe1 b6 26. h3 Re8 27. Rxe8
Qxe8 28. Qxe8 Bxe8 29. Nh4 g6 30. Nf3 Na5 31. N1d2 Ba4 32. Kf1 Kg7 33. Ke2 Kf6
34. Ne1 a6 35. Bd5 Nb3 36. Nxb3 Bxb3 37. Bb7 a5 38. Bc6 g5 39. Nf3 h5 40. Be8
g4 41. hxg4 hxg4 42. Nd2 Bc2 43. Bd7 Bf8 44. Bc6 Bh6 45. Bd7 Ke5 46. Bc6 Kd6
47. Be8 Ke5 48. Bc6 Kd6 1/2-1/2

[Event "SV Würselen 1 - LSV Turm Lippstadt 1"]
[Site "NRW-Klasse, Gruppe 1 2010/201"]
[Date "2011.04.03"]
[Round "9.8"]
[White "Olbricht, Wolfgang"]
[Black "Hagenhoff, Georg"]
[Result "1-0"]
[WhiteElo "1914"]
[BlackElo "1802"]
[PlyCount "137"]
[EventDate "2011.??.??"]

1. d4 d5 2. c4 e6 3. Nc3 Nf6 4. Nf3 Bb4 5. e3 Ne4 6. Qc2 c5 7. Bd2 Nxd2 8. Qxd2
cxd4 9. Qxd4 O-O 10. a3 Nc6 11. Qd2 Qa5 12. Rc1 Bxc3 13. Qxc3 dxc4 14. Bxc4 Qh5
15. O-O Rd8 16. Rfd1 Bd7 17. b4 a6 18. Be2 Qf5 19. Nd4 Nxd4 20. Qxd4 Qg5 21.
Rc5 Qf6 22. Qxf6 gxf6 23. f3 Bc6 24. Rxd8+ Rxd8 25. Bxa6 Bxf3 26. gxf3 bxa6 27.
Rc6 a5 28. b5 Rd3 29. a4 Ra3 30. b6 Rb3 31. Kf2 Kg7 32. Rc5 Rxb6 33. Rxa5 Rb2+
34. Kg3 Rb3 35. e4 Ra3 36. Ra8 f5 37. exf5 exf5 38. Kf4 Kg6 39. h3 h6 40. Ra6+
Kg7 41. h4 h5 42. Kxf5 Rxf3+ 43. Kg5 Rg3+ 44. Kxh5 Kh7 45. Rf6 Kg7 46. Rf5 Ra3
47. Rf4 Ra1 48. Kg5 f6+ 49. Kf5 Kf7 50. Rb4 Rf1+ 51. Ke4 Ke6 52. Rb6+ Ke7 53.
Rb5 Ra1 54. Rb4 Ke6 55. Kd4 Kd6 56. Rc4 f5 57. Ke3 Rh1 58. Kf3 Ke5 59. Kg2 Ra1
60. h5 Ra3 61. Rh4 f4 62. h6 Rg3+ 63. Kf2 Rg8 64. h7 Rh8 65. Kf3 Kf5 66. a5 Kg5
67. Rh1 Kg6 68. a6 Kg7 69. a7 1-0

[Event "Brackweder SK 1 - SC Hansa Dortmund 2"]
[Site "NRW-Klasse, Gruppe 1 2010/201"]
[Date "2011.04.03"]
[Round "9.2"]
[White "Olyschlaeger, Richard"]
[Black "Ackermann, Hans Werner"]
[Result "0-1"]
[WhiteElo "1921"]
[BlackElo "2236"]
[PlyCount "58"]
[EventDate "2011.??.??"]

1. Nf3 c5 2. g3 Nc6 3. Bg2 e5 4. d3 d5 5. O-O h6 6. e4 d4 7. a4 Be7 8. Ne1 g5
9. f4 gxf4 10. gxf4 Nf6 11. Na3 Bg4 12. Bf3 Bh3 13. Bg2 Bg4 14. Bf3 Be6 15. f5
Bd7 16. Kh1 Qc7 17. Bh5 Rh7 18. Rg1 O-O-O 19. Nc4 Na5 20. Nxa5 Qxa5 21. Be2 c4
22. Nf3 Bc6 23. Nd2 cxd3 24. cxd3 Kb8 25. Bf3 Qa6 26. Qb3 Rc8 27. Nf1 Nd7 28.
Be2 Nc5 29. Qd1 Bxa4 0-1

[Event "Brackweder SK 1 - SC Hansa Dortmund 2"]
[Site "NRW-Klasse, Gruppe 1 2010/201"]
[Date "2011.04.03"]
[Round "9.3"]
[White "Kotter, Ralf"]
[Black "Ehrlich, Tim"]
[Result "1-0"]
[WhiteElo "2220"]
[BlackElo "1976"]
[PlyCount "125"]
[EventDate "2011.??.??"]

1. e4 c5 2. Nf3 d6 3. Bb5+ Bd7 4. Bxd7+ Qxd7 5. c4 Nc6 6. O-O g6 7. d4 cxd4 8.
Nxd4 Bg7 9. Be3 Nf6 10. f3 O-O 11. Nc3 a6 12. Rc1 Rac8 13. b3 Qd8 14. Qd2 Qa5
15. Rfd1 Rfe8 16. Qf2 Ne5 17. h3 b5 18. f4 Ned7 19. Qe2 b4 20. Nd5 Nxe4 21. Qe1
Nc3 22. Nxc3 bxc3 23. Qxc3 Qxc3 24. Rxc3 Rb8 25. Rc2 Rec8 26. Re2 Kf8 27. Bf2
Nc5 28. Bh4 Rb7 29. Kf1 f5 30. Ne6+ Nxe6 31. Rxe6 Bh6 32. g3 Kf7 33. Re2 a5 34.
Rd5 a4 35. Rb5 Rcc7 36. Rxb7 Rxb7 37. Rb2 axb3 38. axb3 Bg7 39. Rb1 Bc3 40. Ke2
Bb4 41. g4 e5 42. fxe5 dxe5 43. Be1 Bxe1 44. Kxe1 Ke6 45. Kd2 e4 46. b4 Ke5 47.
c5 Kd5 48. gxf5 gxf5 49. Ke3 Rb8 50. Kf4 Rf8 51. h4 Kc6 52. Rd1 Kb5 53. Rd4 h6
54. h5 Rf7 55. Rd6 Kxb4 56. c6 Re7 57. Rxh6 e3 58. c7 Rxc7 59. Kxe3 Rc4 60. Rh8
Rh4 61. h6 Rh3+ 62. Kf4 Rh4+ 63. Kg5 1-0

[Event "Brackweder SK 1 - SC Hansa Dortmund 2"]
[Site "NRW-Klasse, Gruppe 1 2010/201"]
[Date "2011.04.03"]
[Round "9.4"]
[White "Ruecker, Bastian"]
[Black "Rumpf, Thomas"]
[Result "0-1"]
[WhiteElo "1747"]
[BlackElo "2090"]
[PlyCount "78"]
[EventDate "2011.??.??"]

1. d4 Nf6 2. Bg5 Ne4 3. Bf4 Nc6 4. f3 e5 5. fxe4 exf4 6. Nf3 d5 7. e5 Bf5 8. c3
Be7 9. Qd2 g5 10. h3 f6 11. exf6 Bxf6 12. Na3 Qe7 13. h4 h6 14. hxg5 hxg5 15.
Rxh8+ Bxh8 16. Nc2 O-O-O 17. O-O-O Bf6 18. b3 Re8 19. Kb2 Be4 20. Nfe1 Qh7 21.
e3 Qf5 22. Bd3 Rh8 23. exf4 gxf4 24. Qf2 Bh4 25. Qf1 Bxe1 26. Nxe1 Rh2 27. Rd2
Qg4 28. Bxe4 dxe4 29. Rf2 Rh4 30. d5 Ne5 31. g3 Qxg3 32. Rg2 Rh2 33. Rxh2 Qxh2+
34. Ka3 f3 35. Qb5 Nd7 36. Nxf3 exf3 37. Qd3 f2 38. Qe3 Qd6+ 39. b4 Qf8 0-1

[Event "Brackweder SK 1 - SC Hansa Dortmund 2"]
[Site "NRW-Klasse, Gruppe 1 2010/201"]
[Date "2011.04.03"]
[Round "9.5"]
[White "Linker, Walter"]
[Black "Spisla, Dominik"]
[Result "1/2-1/2"]
[WhiteElo "2074"]
[BlackElo "1863"]
[PlyCount "42"]
[EventDate "2011.??.??"]

1. b3 d5 2. e3 e5 3. Bb2 Nd7 4. c4 Ngf6 5. d4 exd4 6. Qxd4 Bb4+ 7. Bc3 c5 8.
Qd1 Qa5 9. Bxb4 Qxb4+ 10. Qd2 Qxd2+ 11. Nxd2 O-O 12. Ngf3 Re8 13. Be2 Ne5 14.
cxd5 Nxd5 15. Nxe5 Rxe5 16. Nc4 Re7 17. Bf3 Nb4 18. O-O Be6 19. Nd6 Bd5 20.
Bxd5 Nxd5 21. Rfd1 Nf6 1/2-1/2

[Event "Brackweder SK 1 - SC Hansa Dortmund 2"]
[Site "NRW-Klasse, Gruppe 1 2010/201"]
[Date "2011.04.03"]
[Round "9.6"]
[White "Bykovskij, Sergej"]
[Black "Babar, Michael"]
[Result "0-1"]
[WhiteElo "2045"]
[BlackElo "2158"]
[PlyCount "78"]
[EventDate "2011.??.??"]

1. d4 e6 2. Nf3 Nf6 3. Bf4 b6 4. e3 Bb7 5. Nbd2 Be7 6. c3 O-O 7. Qc2 c5 8. Bd3
d5 9. O-O Nbd7 10. Rfe1 Rc8 11. Bg3 c4 12. Be2 b5 13. a3 Qb6 14. Ne5 Nxe5 15.
Bxe5 a5 16. Bf3 Nd7 17. e4 Nxe5 18. dxe5 Bc5 19. Nf1 d4 20. Rad1 dxc3 21. bxc3
Bxa3 22. Ne3 Bc5 23. Rd2 Rcd8 24. Ng4 Be7 25. Rb1 Qc5 26. g3 b4 27. h4 b3 28.
Qc1 a4 29. Re2 a3 30. Qf4 b2 31. Rexb2 axb2 32. Rxb2 Ba6 33. Ra2 Bb5 34. Be2
Ra8 35. Rb2 Ra1+ 36. Kg2 Ra7 37. Nf6+ Kh8 38. Ng4 Ba4 39. Ne3 Bb3 0-1

[Event "Brackweder SK 1 - SC Hansa Dortmund 2"]
[Site "NRW-Klasse, Gruppe 1 2010/201"]
[Date "2011.04.03"]
[Round "9.7"]
[White "Prueske, Wolfgang"]
[Black "Willenberg, Max"]
[Result "1-0"]
[WhiteElo "2039"]
[BlackElo "1956"]
[PlyCount "75"]
[EventDate "2011.??.??"]

1. e4 c5 2. Nf3 e6 3. c3 d5 4. exd5 exd5 5. d4 Nc6 6. Bb5 Qb6 7. Qe2+ Be7 8.
dxc5 Qxc5 9. Be3 Qd6 10. O-O Nf6 11. Nbd2 O-O 12. Nb3 Re8 13. Rad1 a6 14. Bd3
Bg4 15. Bb1 Ne5 16. Nbd4 Bd8 17. h3 Bxf3 18. Nxf3 Bc7 19. g3 Nc4 20. Rd3 Nh5
21. Re1 f5 22. b3 Nxe3 23. Rxe3 Rxe3 24. Qxe3 Nxg3 25. fxg3 Qxg3+ 26. Kf1 Qxh3+
27. Ke2 f4 28. Qd3 Re8+ 29. Kd1 Rxe1+ 30. Kxe1 Qh1+ 31. Kd2 Bb6 32. Qxd5+ Kh8
33. Bc2 Qf1 34. Nd4 Qf2+ 35. Kc1 Qe3+ 36. Kb2 g6 37. Qf7 Bc5 38. Ne6 1-0

[Event "Brackweder SK 1 - SC Hansa Dortmund 2"]
[Site "NRW-Klasse, Gruppe 1 2010/201"]
[Date "2011.04.03"]
[Round "9.8"]
[White "Stephan, Gunther"]
[Black "Kropp, Andreas Juergen"]
[Result "1/2-1/2"]
[WhiteElo "1946"]
[BlackElo "1971"]
[PlyCount "90"]
[EventDate "2011.??.??"]

1. d4 Nf6 2. Nd2 c5 3. e3 b6 4. Ngf3 e6 5. Bd3 Ba6 6. Qe2 Bxd3 7. Qxd3 Be7 8.
O-O O-O 9. Ng5 d5 10. c3 Nc6 11. f4 Qc7 12. Rf3 g6 13. Nf1 h6 14. Nxe6 fxe6 15.
Qxg6+ Kh8 16. Rh3 Nh7 17. Qxe6 Rf6 18. Qxd5 cxd4 19. cxd4 Raf8 20. Bd2 Nb4 21.
Qb3 Qd6 22. Ng3 Rg6 23. Bxb4 Qxb4 24. Qxb4 Bxb4 25. a3 Bd6 26. Ne4 Bb8 27. Rc1
Re6 28. Nf2 Kg7 29. Nd3 Nf6 30. Rg3+ Kh7 31. Ne5 Ne4 32. Rf3 Re7 33. Rc2 Rg8
34. Rf1 h5 35. Rfc1 Reg7 36. Nc6 Bd6 37. Ne5 h4 38. Nf3 h3 39. g3 Kh6 40. Kh1
Kh5 41. Rf1 Rf8 42. Nd2 Nxd2 43. Rxd2 Re7 44. Re2 Re4 45. Kg1 Rc8 1/2-1/2

[Event "SG Solingen 3 - Godesberger SK 2"]
[Site "NRW-Klasse, Gruppe 1 2010/201"]
[Date "2011.04.03"]
[Round "9.1"]
[White "Gerusel, Mathias"]
[Black "Gupta, Milon"]
[Result "1/2-1/2"]
[WhiteElo "2170"]
[BlackElo "2251"]
[PlyCount "40"]
[EventDate "2011.??.??"]

1. d4 d6 2. Nf3 Bg4 3. e4 Nf6 4. h3 Bh5 5. Bd3 e6 6. Be3 Bg6 7. Nc3 d5 8. exd5
Nxd5 9. Nxd5 Qxd5 10. O-O Bxd3 11. Qxd3 Nd7 12. c4 Qh5 13. Rfe1 Be7 14. Qb3
O-O-O 15. Qa4 Kb8 16. b4 Bf6 17. c5 Qd5 18. Rac1 g5 19. b5 Rhg8 20. Qc4 g4
1/2-1/2

[Event "SG Solingen 3 - Godesberger SK 2"]
[Site "NRW-Klasse, Gruppe 1 2010/201"]
[Date "2011.04.03"]
[Round "9.3"]
[White "Stenzel, Thomas"]
[Black "Scheffner, Axel"]
[Result "1/2-1/2"]
[WhiteElo "2133"]
[BlackElo "2251"]
[PlyCount "20"]
[EventDate "2011.??.??"]

1. e4 c6 2. d3 g6 3. g3 Bg7 4. Bg2 d5 5. Nd2 Nf6 6. Ngf3 O-O 7. O-O Qb6 8. c3
a5 9. Qe1 Re8 10. h3 e6 1/2-1/2